000
00284nam a22001337a 4500
008
181024b xxu||||| |||| 00| 0 eng d
020
_a
2900316373059
041
_a
eng
080
_2
3 ed
_a
070
100
_a
36
101
_a
MED
245
_a
Photography
_c
Henry.H
942
_2
udc
_c
BK
999
_c
50777
_d
50777